| 000 | 00634nam a22002057a 4500 | ||
|---|---|---|---|
| 001 | 61530 | ||
| 003 | BD-RjUL | ||
| 005 | 20211209080956.0 | ||
| 008 | 170118s1994 ii ||||| |||| 00| 0 eng d | ||
| 035 | _a(BD-RjUL)61654 | ||
| 040 |
_aBD-RjUL _beng _cBD-RjUL _dBD-RjUL |
||
| 041 | _aeng | ||
| 082 |
_223 _a418.0071054 _bFOR 1994 |
||
| 245 |
_aForeign language teaching (FLT) in India : _brecent advances / _cY. C. Bhatnagar |
||
| 260 |
_aDelhi : _bAjanta, _c1994. |
||
| 300 |
_axix, 198 p. ; _c19 cm. |
||
| 650 |
_aLanguage and languages _vStudy and teaching. _zIndia. _9183350 |
||
| 700 |
_aBhatnagar, Y. C. _9183351 |
||
| 942 |
_2ddc _cBK |
||
| 999 |
_c61530 _d61530 |
||